Anthologie grecque: première partie Anthologie Palatine
I tiakina i:
| Hōputu: | Pukapuka |
|---|---|
| Reo: | Wīwī Kariki |
| I whakaputaina: |
París
Les Belles Lettres
1957
|
| Rangatū: | Collection des Universités de France
|
| Ngā marau: | |
| Ngā Tūtohu: |
Tāpirihia he Tūtohu
Kāore He Tūtohu, Me noho koe te mea tuatahi ki te tūtohu i tēnei pūkete!
|
MARC
| LEADER | 00000nam a2200000 a 4500 | ||
|---|---|---|---|
| 001 | UCM7032 | ||
| 003 | CL-VaPUC | ||
| 008 | 021129e19570000FR |||||||||||||||||fre|d | ||
| 041 | 0 | 7 | |a fre |2 CL-VaPUC |
| 041 | 0 | 7 | |a gre |2 CL-VaPUC |
| 082 | 0 | 4 | |a 881 |b ANT |2 21 |
| 245 | 1 | 0 | |a Anthologie grecque: première partie Anthologie Palatine |
| 300 | |a 12 v | ||
| 942 | |c BK | ||
| 945 | |d 20021129 00:00:00 |a cmena | ||
| 260 | |a París |b Les Belles Lettres |c 1957 | ||
| 500 | |a La Antología Griega se compone de dos libros, que se conocen, respectivamente, como la Antología Palatina y la Antología Planudean | ||
| 500 | |a v.7: Livre IX, épigr. 1-358 | ||
| 650 | 0 | |a Poesía griega |9 265627 | |
| 650 | 7 | |a EPIGRAMAS |2 CL-VaPUC |9 433332 | |
| 650 | 7 | |a LITERATURA GRIEGA |2 CL-VaPUC |9 258054 | |
| 650 | 0 | |a Antologías |9 309836 | |
| 583 | |a last modification |c 20021129 00:00:00 |k Rodrigo Vera | ||
| 490 | 0 | |a Collection des Universités de France | |
| 999 | |c 302067 |d 302065 | ||
| 952 | |0 0 |1 0 |4 0 |6 881_000000000000000_ANT_1957 |7 0 |8 DER_ROM |9 362081 |a BIBDER |b BIBDER |d 2019-11-21 |h v.7 |i 3864316 |l 1 |o 881 ANT 1957 |p 3864316 |r 2023-01-25 |s 2020-03-16 |w 2019-11-21 |x Ubicación 4to piso |y BK |z Este recurso debe solicitarse con anticipación |k DER | ||